000 00985nam a22002537a 4500
005 20170124103032.0
010 _aA-972294
020 _c150.00
035 _aA-972294
037 _bCen Lib/Ret
040 _aDPL
_bHN
082 _a
_bरामप्र
100 _aरामप्रकाश
_964285
245 _aअपने-अपने चक्रव्यूह /
_cरामप्रकाश
246 _aApne-apne chakrvyuh /
_bby Ramprakash
260 _aदिल्ली
_bअनिल प्रकाशन
_c1998
270 _a2619-20 न्यू मार्किट. नई सड़क
_bदिल्ली
_e110006
300 _a172पृ.
_c21सेमी (सजिल्द)
650 _aहिन्दी -- साहित्य
_964286
650 _aहिन्दी -- उपन्यास
_964287
650 _aHindi -- Literature
_964288
650 _aHindi -- Fiction
_927248
942 _2ddc
_cHN
_h
_mरामप्र
999 _c115995
_d115995